Fire Emblem: Radiant Dawn - List of Classes - Statistics

General Stats
  • This quiz has been taken 32 times
  • The average score is 66 of 88
Answer Stats
Weapon Types Classes % Correct
Bow Bow Knight
91%
Sword Hero
91%
Lance Lance Knight
91%
Sword Myrmidon
91%
Lance Soldier
91%
Sword Sword Knight
91%
Sword Swordmaster
91%
Thunder Thunder Mage
91%
Bow Archer
87%
Axe Axe Knight
87%
Strike Cat
87%
Strike Dragon Prince
87%
Fire Fire Mage
87%
FireThunder Wind Fire Sage
87%
SwordAxe Gold Knight
87%
Strike Hawk
87%
- Heron
87%
Strike Raven
87%
BowCrossbow Sniper
87%
Strike Tiger
87%
Wind Wind Mage
87%
FireThunder Wind Wind Sage
87%
Knife Assassin
83%
Axe Axe Paladin
83%
Light Staff Bishop
83%
Bow Bow Paladin
83%
FireThunder Wind Light Empress
83%
Axe Fighter
83%
LanceAxe Lance General
83%
Lance Lance Paladin
83%
Light Light Mage
83%
Strike Lion
83%
BowCrossbow Marksman
83%
Staff Priest
83%
Strike Red Dragon
83%
Knife Rogue
83%
LanceBow Silver Knight
83%
Knife Thief
83%
FireThunder Wind Thunder Sage
83%
AxeCrossbow Warrior
83%
Strike White Dragon
83%
Strike Wolf
83%
Sword Axe Axe General
78%
Lance Halberdier
78%
LightStaff Light Sage
78%
SwordLance Sword General
78%
Sword Trueblade
78%
SwordStaff Valkyrie
78%
SwordAxe Vanguard
78%
FireThunder Wind Staff Archsage
74%
ThunderDark Staff Archsage
74%
SwordStaff Cleric
74%
ThunderDark Dark Sage
74%
Axe Dracoknight
74%
SwordLance Falcon Knight
74%
Strike Hawk King
74%
Strike Raven King
74%
Light Staff Saint
74%
Knife Whisper
74%
Strike Wolf Queen
74%
SwordLance Black Knight
70%
Strike Dragon King
70%
Strike Lion King
70%
SwordLance Axe Marshall
70%
Lance Pegasus Knight
70%
AxeCrossbow Reaver
70%
Axe Armor Axe
65%
Lance Armor Lance
65%
Sword Armor Sword
65%
LanceAxe Dragonlord
65%
LanceAxe Dragonmaster
65%
SwordStaff Queen
65%
SwordLance Seraph Knight
65%
LightDark Staff Chancellor
61%
StrikeFire Thunder Wind Dark Light Order Incarnate
61%
Lance Sentinel
61%
Sword Blade Paladin
57%
- Civilian
52%
Dark Druid
52%
- Horse
48%
DarkStaff Summoner
48%
Axe Bandit
43%
Fire Fire Spirit
43%
LightStaff Light Priestess
43%
Thunder Thunder Spirit
43%
Wind Wind Spirit
43%
- Pilgrim
39%
- Vendor
30%
No matching quizzes found
Score Distribution
Percent of People with Each Score
Percentile by Number Answered
Your Score History
You have not taken this quiz